[Event "Challenge"]
[Site "http://www.queenalice.com/game.php?id=1234308"]
[Date "2013.11.22"]
[Round "-"]
[White "RJGF"]
[Black "tyujohn"]
[Result "1-0"]
[WhiteElo "1901"]
[BlackElo "1594"]

1. d4 d5 2. c4 c6 3. Nc3 Nf6 4. cxd5 cxd5 5. g3 e6 6. Bg2 Bb4 7. Bg5 O-O 8. a3
Be7 9. Nf3 Nc6 10. O-O Qb6 11. b3 h6 12. Bc1 Ne4 13. Nxe4 dxe4 14. Ne5 Nxd4 15.
Be3 Bc5 16. b4 Nxe2+ 17. Qxe2 Bxe3 18. fxe3 Qd6 19. Nc4 Qe7 20. Bxe4 Bd7 21.
Rad1 Bb5 22. Bd3 Rad8 23. Nb2 Bc6 24. Nc4 e5 25. Qc2 Qe6 26. Bf5 Rxd1 27. Bxe6
Rxf1+ 28. Kxf1 fxe6+ 29. Ke1 e4 30. Nd6 a6 31. Nxe4 Bb5 32. Qb3 Rf1+ 33. Kd2 Bd7
34. Nc5 Rf2+ 35. Ke1 Rxh2 36. Nxd7 Kh7 37. Qxe6 Rg2 38. Qe4+ g6 39. Qxg2 1-0

[Event "AUTO-INT-2788"]
[Site "http://www.queenalice.com/game.php?id=1245543"]
[Date "2014.1.5"]
[Round "1"]
[White "Ruusgugg"]
[Black "tyujohn"]
[Result "0-1"]
[WhiteElo "1390"]
[BlackElo "1590"]

1. e4 e5 2. Nf3 Nc6 3. Be2 Nf6 4. O-O Bc5 5. d3 O-O 6. Nc3 d6 7. Qd2 Be6 8. Ng5
Qe7 9. Na4 Bb4 10. c3 Ba5 11. b4 Bb6 12. Nxb6 axb6 13. f4 h6 14. Nxe6 fxe6 15.
a4 exf4 16. Rxf4 d5 17. Rh4 Nh7 18. g3 Ng5 19. b5 Na5 20. Rb1 dxe4 21. dxe4 Qf6
22. Bb2 Nc4 23. Qd7 Qf2+ 24. Kh1 Qxe2 25. Qxc7 Rf1+ 26. Rxf1 Qxf1# 0-1

[Event "AUTO-INT-2788"]
[Site "http://www.queenalice.com/game.php?id=1245544"]
[Date "2014.1.5"]
[Round "1"]
[White "tyujohn"]
[Black "Ruusgugg"]
[Result "1-0"]
[WhiteElo "1598"]
[BlackElo "1342"]

1. e4 e5 2. Nf3 Nf6 3. Nc3 Be7 4. Bc4 O-O 5. O-O Ng4 6. h3 Nf6 7. d3 a6 8. Nxe5
d6 9. Nf3 b5 10. Bd5 Nxd5 11. Nxd5 a5 12. Be3 c6 13. Nxe7+ Qxe7 14. Bg5 f6 15.
Bf4 Qf7 16. Bxd6 Rd8 17. Bf4 f5 18. Re1 Be6 19. exf5 Bxf5 20. Ng5 Qf6 21. Qc1 h6
22. Nf3 a4 23. Be5 Qg6 24. Qf4 Rf8 25. Bd6 Rf7 26. Re8+ Kh7 27. Rxb8 Bxh3 28.
Qh2 Bxg2 29. Qxg2 Qxd6 30. Rxa8 Qd5 31. Nh4 Qd4 32. Qg6# 1-0

[Event "AUTO-INT-2788"]
[Site "http://www.queenalice.com/game.php?id=1245559"]
[Date "2014.1.5"]
[Round "1"]
[White "silent1"]
[Black "tyujohn"]
[Result "1-0"]
[WhiteElo "1669"]
[BlackElo "1614"]

1. d4 Nf6 2. e3 g6 3. c4 Bg7 4. Nc3 O-O 5. Nf3 d6 6. Bd3 Nbd7 7. O-O c5 8. d5
Nh5 9. Be2 f5 10. Ng5 Nhf6 11. Ne6 Qb6 12. Nxf8 Kxf8 13. Na4 Qc7 14. b3 Ne4 15.
Bb2 Bxb2 16. Nxb2 Ne5 17. Qc2 Bd7 18. f3 Nf6 19. Nd3 Nxd3 20. Bxd3 a6 21. e4 Kg8
22. exf5 Bxf5 23. Bxf5 gxf5 24. Qxf5 Kh8 25. Rfe1 Rf8 26. Re6 Nd7 27. Qc2 Ne5
28. Qc3 Qd8 29. Rf1 Qe8 30. Re1 Qh5 31. Rxe7 Qg5 32. R7xe5 dxe5 33. Rxe5 Qg7 34.
Qe3 Qg6 35. Qc3 Qb1+ 36. Re1+ Kg8 37. Rxb1 b5 38. cxb5 Rf4 39. Qxc5 axb5 40.
Qxb5 Rd4 41. Qe8+ Kg7 42. Qe5+ Kf8 43. Qxd4 h5 44. Qa7 h4 45. Rc1 h3 46. Rc8#
1-0

[Event "AUTO-INT-2788"]
[Site "http://www.queenalice.com/game.php?id=1245560"]
[Date "2014.1.5"]
[Round "1"]
[White "tyujohn"]
[Black "silent1"]
[Result "0-1"]
[WhiteElo "1629"]
[BlackElo "1654"]

1. d4 d5 2. c4 e6 3. e3 Nf6 4. c5 Be7 5. Nc3 O-O 6. Nf3 Nc6 7. Bd3 Nb4 8. O-O
Nxd3 9. Qxd3 Bd7 10. Bd2 b6 11. cxb6 axb6 12. Rac1 c5 13. Ne5 Bc8 14. Ne2 Ba6
15. Qc2 Bxe2 16. Rfe1 Ba6 17. dxc5 Bxc5 18. Bc3 Bb7 19. a3 Bd6 20. f4 Bxe5 21.
Bxe5 Rc8 22. Qd2 Ne4 23. Qe2 Nd6 24. Rxc8 Bxc8 25. Qg4 Nf5 26. Rc1 g6 27. Qf3
Ba6 28. Rc7 Bd3 29. Qd1 Be4 30. b4 Nd6 31. Rc6 Nc4 32. Bd4 f5 33. Rxe6 Nxa3 34.
Qb3 Nb5 35. Be5 Rf7 36. Qa4 Nc7 37. Bxc7 Qc8 38. Be5 Qc1+ 39. Kf2 Qd2+ 40. Kg3
Qxg2+ 41. Kh4 Qg4# 0-1

[Event "AUTO-INT-2788"]
[Site "http://www.queenalice.com/game.php?id=1245569"]
[Date "2014.1.5"]
[Round "1"]
[White "papyrusmoon"]
[Black "tyujohn"]
[Result "0-1"]
[WhiteElo "1443"]
[BlackElo "1604"]

1. e4 e5 2. Nf3 Nc6 3. d4 exd4 4. Nxd4 Bb4+ 5. c3 Bc5 6. Bb5 a6 7. Bc4 Nf6 8.
O-O O-O 9. Bg5 h6 10. Bf4 Nxe4 11. Nf5 d6 12. Nd2 Bxf5 13. b4 Bb6 14. a4 Nxc3
15. Qh5 Qf6 16. b5 Nd4 17. Rfe1 axb5 18. axb5 Bg6 19. Qh3 Qxf4 20. g3 Qxd2 21.
Qd7 Nf3+ 22. Kf1 Qxf2# 0-1

[Event "AUTO-INT-2788"]
[Site "http://www.queenalice.com/game.php?id=1245570"]
[Date "2014.1.5"]
[Round "1"]
[White "tyujohn"]
[Black "papyrusmoon"]
[Result "1-0"]
[WhiteElo "1639"]
[BlackElo "1401"]

1. d4 d5 2. c4 dxc4 3. e4 Nc6 4. Nf3 b5 5. Nc3 a6 6. Bf4 e6 7. e5 Bb4 8. Qd2
Nge7 9. Be2 Nf5 10. O-O O-O 11. Bg5 Qe8 12. a3 Ba5 13. Rac1 Nfe7 14. Qf4 Nf5 15.
Ne4 Bb7 16. Rfd1 b4 17. axb4 Nxb4 18. Bxc4 f6 19. exf6 gxf6 20. Nxf6+ Rxf6 21.
Bxf6 Qf7 22. Qg5+ Kf8 23. Ne5 h6 24. Qg4 Qxf6 25. Nd7+ Kf7 26. Qh5+ Ke7 27. Nxf6
Kxf6 28. Re1 Rg8 29. Rxe6+ Kg7 30. Rg6+ Kf8 31. Rxg8+ Ke7 32. Qxf5 Kd6 33. Rg6+
Ke7 34. Re1+ Kd8 35. Rg8# 1-0

[Event "Challenge"]
[Site "http://www.queenalice.com/game.php?id=1248651"]
[Date "2014.1.16"]
[Round "-"]
[White "tyujohn"]
[Black "WarleyPereiraOliveira"]
[Result "0-1"]
[WhiteElo "1600"]
[BlackElo "1680"]

1. e4 e5 2. Nf3 Nc6 3. Nc3 Nf6 4. Bc4 Bb4 5. O-O d6 6. a3 Bxc3 7. bxc3 Bg4 8. h3
Bh5 9. d4 O-O 10. Bg5 h6 11. Bxf6 Qxf6 12. d5 Na5 13. Be2 Bxf3 14. Bxf3 b6 15.
Qd3 a6 16. Rab1 Nb7 17. Bg4 Nc5 18. Qe3 Qf4 19. Qxf4 exf4 20. Bf3 Nd7 21. Rfe1
Rfe8 22. Rb4 Re7 23. Rc4 Ne5 24. Rd4 Rae8 25. Rb1 Nd7 26. Be2 Nc5 27. c4 Rxe4
28. Rxe4 Nxe4 29. f3 Nc3 30. Re1 Rxe2 31. Rxe2 Nxe2+ 32. Kf2 Ng3 33. a4 Kf8 34.
c3 Ke7 35. h4 Nf5 36. h5 Ng3 37. Ke1 Nxh5 38. Kd2 Ng3 39. Kd3 Kf6 40. Kd4 Nf1
41. c5 bxc5+ 42. Kc4 Ne3+ 43. Kd3 Nxg2 44. c4 Ke5 45. a5 f5 46. Kc3 Ne1 47. Kd2
Nxf3+ 48. Ke2 Nd4+ 49. Kd3 Nb3 50. Kc3 Nxa5 51. Kd3 g5 52. Ke2 Nxc4 53. Kf3 Kxd5
54. Kf2 Kd4 55. Ke2 Kc3 56. Kf3 Kd2 57. Kf2 a5 58. Kf3 a4 59. Kf2 g4 60. Kg2 Ke2
61. Kh2 a3 62. Kg2 a2 63. Kh2 a1=Q 64. Kg2 Qf1+ 65. Kh2 g3# 0-1

[Event "Challenge"]
[Site "http://www.queenalice.com/game.php?id=1249475"]
[Date "2014.1.19"]
[Round "-"]
[White "Marcelo_Smilov"]
[Black "tyujohn"]
[Result "0-1"]
[WhiteElo "1837"]
[BlackElo "1614"]

1. d4 Nf6 2. c4 g6 3. Nc3 Bg7 4. Bg5 O-O 5. g3 d6 6. Bg2 h6 7. Bf4 Nbd7 8. Qd2
g5 9. Be3 e5 10. dxe5 Nxe5 11. b3 Nfg4 12. h3 Nxe3 13. Qxe3 Re8 14. Qd2 Rb8 15.
e3 b6 16. Nge2 Bb7 17. Bxb7 Rxb7 18. Nd4 c5 19. Nf5 Nf3+ 0-1

[Event "Challenge"]
[Site "http://www.queenalice.com/game.php?id=1250567"]
[Date "2014.1.23"]
[Round "-"]
[White "zmanomega"]
[Black "tyujohn"]
[Result "1-0"]
[WhiteElo "1635"]
[BlackElo "1645"]

1. e4 e5 2. Qh5 d6 3. Bc4 g6 4. Qf3 Nf6 5. d3 Bg7 6. Bg5 Bg4 7. Qg3 Nc6 8. Bxf6
Qxf6 9. f3 Bd7 10. Ne2 O-O-O 11. Nbc3 Nb4 12. Bb3 Bh6 13. Qf2 Be6 14. Nd5 Bxd5
15. exd5 a6 16. a3 Nxd3+ 17. cxd3 Qg5 18. Nc3 f5 19. g3 f4 20. g4 Kb8 21. O-O-O
Bg7 22. Ne4 Qe7 23. d4 Rhf8 24. Rd3 exd4 25. Rxd4 Bxd4 26. Qxd4 Rde8 27. h4 h5
28. g5 Rc8 29. Qb4 Qe5 30. Bc4 Ka8 31. Kb1 Rb8 32. Qa4 Qd4 33. Rd1 Qb6 34. Bd3
Qe3 35. Nf6 Rf7 36. Nd7 Re8 37. Bxg6 Rxd7 38. Bxe8 Re7 39. Bxh5 Qe2 40. Bg4 Rh7
41. h5 Re7 42. Ka2 Re3 43. g6 Ka7 44. Be6 b5 45. Qxf4 Qxf3 46. Qd4+ Kb7 47. g7
Rxa3+ 48. bxa3 Qe2+ 49. Ka1 a5 50. g8=Q c5 51. dxc6+ Kxc6 52. Rc1+ Kb7 53. Qc8#
1-0

[Event "Challenge"]
[Site "http://www.queenalice.com/game.php?id=1252651"]
[Date "2014.1.30"]
[Round "-"]
[White "tyujohn"]
[Black "aogjba"]
[Result "1-0"]
[WhiteElo "1600"]
[BlackElo "1251"]

1. e4 d6 2. d4 Nc6 3. Nf3 Nf6 4. Nc3 g6 5. Bg5 Bg7 6. Bc4 O-O 7. O-O b6 8. d5
Nb4 9. a3 Nbxd5 10. exd5 Bb7 11. Re1 c6 12. dxc6 Bxc6 13. Nd5 Nxd5 14. Bxd5 Qd7
15. c3 Rac8 16. Nd2 Bxd5 17. Qe2 e6 18. Nf3 h6 19. Bf4 e5 20. Be3 f5 21. Nh4 g5
22. Nf3 e4 23. Nd4 f4 24. Bd2 Bxd4 25. cxd4 Qa4 26. Bxf4 Rxf4 27. g3 Rf3 28.
Red1 Rc2 29. Rd2 Rxd2 30. Qxd2 Qb3 31. Rc1 Rd3 32. Rc8+ Kg7 33. Qe2 e3 34. fxe3
Rd1+ 35. Kf2 g4 36. Qxg4+ Kf7 37. Qg8+ Kf6 38. Rf8+ Ke7 39. Re8+ Kd7 40. Rd8+
Kc6 41. Qe8+ Kb7 42. Qd7+ Ka6 43. Qc8+ Bb7 44. Qc3 Bd5 45. Rd7 Qb5 46. Qc8+ Ka5
47. Rxa7+ Qa6 48. Qxa6# 1-0

[Event "RJGF"]
[Site "http://www.queenalice.com/game.php?id=1253020"]
[Date "2014.2.1"]
[Round "1"]
[White "campeon9"]
[Black "tyujohn"]
[Result "1-0"]
[WhiteElo "1604"]
[BlackElo "1614"]

1. e4 e5 2. Nf3 Nc6 3. Bc4 d6 4. Nc3 Bg4 5. h3 Bh5 6. d3 Nf6 7. Bg5 h6 8. Bh4
Be7 9. Nd5 Bxf3 10. Qxf3 Nd4 11. Qd1 c6 12. Ne3 O-O 13. c3 Ne6 14. O-O d5 15.
Bb3 g5 16. Bg3 dxe4 17. dxe4 Nxe4 18. Bxe5 Bf6 19. Qxd8 Raxd8 20. Bxf6 Rd2 21.
Be7 Re8 22. Ba3 h5 23. Rad1 Rxd1 24. Rxd1 Nf6 25. Bxe6 Rxe6 26. Rd6 g4 27. Rxe6
fxe6 28. hxg4 Nxg4 29. Nxg4 hxg4 30. g3 Kg7 31. Kg2 Kf6 32. f3 Kf5 33. fxg4+
Kxg4 34. Kf2 e5 35. Bb4 e4 36. Ke3 Kf5 37. g4+ Kxg4 38. Kxe4 a6 39. Ke5 Kf3 40.
Kd6 Ke2 41. Kc7 Kd2 42. Kxb7 Kc2 43. Kxa6 Kxb2 44. a4 Kb3 45. a5 c5 46. Bxc5
Kxc3 47. Kb5 Kd3 48. a6 Ke4 49. a7 Kd5 50. a8=Q+ Ke6 51. Qe4+ Kd7 52. Qc6+ Kd8
53. Qb7 Ke8 54. Kc6 Kd8 55. Qd7# 1-0

[Event "Challenge"]
[Site "http://www.queenalice.com/game.php?id=1257787"]
[Date "2014.2.18"]
[Round "-"]
[White "gsthck"]
[Black "tyujohn"]
[Result "1-0"]
[WhiteElo "1744"]
[BlackElo "1629"]

1. e4 e5 2. Nf3 Nc6 3. Bb5 d6 4. d4 exd4 5. Nxd4 Bd7 6. Nc3 Nf6 7. Bg5 Be7 8.
O-O O-O 9. Nxc6 bxc6 10. Bd3 h6 11. Bxf6 Bxf6 12. f4 Qb8 13. e5 dxe5 14. Ne4 Be7
15. fxe5 Qxb2 16. Qh5 Rab8 17. Nf6+ gxf6 18. exf6 Bxf6 19. Qxh6 Qd4+ 20. Kh1
Rfe8 21. Bh7+ Kh8 22. Bg6+ Kg8 23. Qh7+ Kf8 24. Qxf7# 1-0

[Event "RJGF"]
[Site "http://www.queenalice.com/game.php?id=1320982"]
[Date "2014.11.8"]
[Round "4"]
[White "RJGF"]
[Black "tyujohn"]
[Result "1-0"]
[WhiteElo "1565"]
[BlackElo "1632"]

1. e4 e5 2. Nf3 Nc6 3. d4 exd4 4. Bc4 Bc5 5. c3 dxc3 6. Bxf7+ Kxf7 7. Qd5+ Ke8
8. Qxc5 b6 9. Qxc3 Ba6 10. Qxg7 Qf6 11. Qxf6 Nxf6 12. Nc3 Nb4 13. Kd1 Nd3 14.
Re1 Nxe1 15. Kxe1 Rg8 16. g3 d6 17. Ng5 1-0

[Event "21:08"]
[Site "http://www.queenalice.com/game.php?id=1521659"]
[Date "2018.3.30"]
[Round "-"]
[White "zubarev"]
[Black "tyujohn"]
[Result "0-1"]
[WhiteElo "1801"]
[BlackElo "1613"]

1. d4 d5 2. Nc3 e6 3. Nf3 Bb4 4. Bd2 Nf6 5. e3 O-O 6. Bd3 Nc6 7. Ne5 Nxe5 8.
dxe5 Nd7 9. O-O Nxe5 10. a3 Bd6 11. f4 Nc6 12. Qf3 b6 13. e4 Nd4 14. Qf2 dxe4
15. Nxe4 Nf5 16. Rad1 Bb7 17. Bc3 Qe7 18. Rde1 Rad8 19. Ng3 Bc5 20. Qxc5 Qxc5+
21. Kh1 Rxd3 22. cxd3 Nxg3+ 23. hxg3 Qd5 24. Rxe6 Qxg2# 0-1

[Event " MIRCMIRC RIPPER"]
[Site "http://www.queenalice.com/game.php?id=1522006"]
[Date "2018.4.2"]
[Round "-"]
[White "tyujohn"]
[Black "zubarev"]
[Result "1-0"]
[WhiteElo "1637"]
[BlackElo "1854"]

1. e4 e5 2. Nf3 Nc6 3. Bc4 Be7 4. O-O Nf6 5. Nc3 O-O 6. b3 d6 7. h3 Be6 8. Bxe6
fxe6 9. Bb2 Nd4 10. Nxd4 exd4 11. Nb5 c5 12. d3 a6 13. Na3 b5 14. Qf3 e5 15. Nb1
Ne8 16. Qe2 Rc8 17. Nd2 Bg5 18. Nf3 Bf4 19. a4 Nf6 20. axb5 axb5 21. Bc1 Bxc1
22. Rfxc1 Nh5 23. Nxe5 Nf4 24. Qg4 dxe5 25. Ra7 Rf7 26. Rxf7 Kxf7 27. Qf5+ Kg8
28. Ra1 Qe7 29. Qxc8+ Qf8 30. Qb7 1-0

[Event "TePegueiRedeTV"]
[Site "http://www.queenalice.com/game.php?id=1522007"]
[Date "2018.4.2"]
[Round "-"]
[White "zubarev"]
[Black "tyujohn"]
[Result "0-1"]
[WhiteElo "1903"]
[BlackElo "1662"]

1. e4 e5 2. Nf3 Nc6 3. Bc4 Nf6 4. Nc3 Bc5 5. O-O O-O 6. h3 d6 7. Be2 Be6 8. d3
Qd7 9. Bg5 Ne8 10. Bh4 g6 11. Bg5 Ng7 12. Bf6 Bxh3 13. gxh3 Qxh3 14. Qd2 Nh5 15.
Bh4 Nf4 16. Qxf4 exf4 17. Bf6 Qf5 18. exf5 gxf5 19. Nh4 Rfe8 20. Nxf5 Re6 21.
Bh4 Kh8 22. Rae1 Rg8+ 23. Kh2 Bd4 24. Bf3 Ne5 25. Nxd4 Rh6 26. Nf5 Nxf3+ 27. Kh3
Rh5 28. Re8 Rxe8 29. Kg4 Rxh4+ 30. Nxh4 Nh2+ 31. Kxf4 Nxf1 32. Kf5 Re6 33. Ne4
Kg7 34. Nf3 h5 35. Nd4 Re5+ 36. Kf4 a6 37. Kf3 Nh2+ 38. Kg3 Ng4 39. f3 Nf6 40.
Nc3 Kg6 41. f4 Re3+ 42. Kf2 Ng4+ 43. Kg2 h4 44. Nd5 Rg3+ 45. Kf1 h3 46. Ne2 Rg2
47. f5+ Kxf5 48. Ndf4 Rf2+ 49. Kg1 Rxf4 50. Nxf4 Kxf4 0-1

[Event "AUTO-INT-3340"]
[Site "http://www.queenalice.com/game.php?id=1524765"]
[Date "2018.4.24"]
[Round "1"]
[White "tyujohn"]
[Black "Rojerryo"]
[Result "0-1"]
[WhiteElo "1688"]
[BlackElo "1719"]

1. e4 c5 2. Nc3 Nc6 3. Nf3 e6 4. Bb5 Qc7 5. O-O Nge7 6. d3 a6 7. Bxc6 Nxc6 8.
Be3 Be7 9. Qd2 d6 10. h4 h6 11. Ne2 Bf6 12. Rab1 b6 13. a3 Bb7 14. g3 O-O-O 15.
Nh2 Rdg8 16. Nf4 g5 17. hxg5 hxg5 18. Ne2 Ne5 19. Kg2 Rxh2+ 20. Kg1 Nf3# 0-1

[Event "AUTO-INT-3340"]
[Site "http://www.queenalice.com/game.php?id=1524766"]
[Date "2018.4.24"]
[Round "1"]
[White "Rojerryo"]
[Black "tyujohn"]
[Result "1-0"]
[WhiteElo "1979"]
[BlackElo "1693"]

1. e4 e5 2. Nf3 Nc6 3. c3 d6 4. d4 Bd7 5. d5 Nce7 6. Bg5 c6 7. c4 Qb6 8. Qd2 Nf6
9. Nc3 Ng6 10. Be2 Be7 11. O-O O-O 12. b4 Rab8 13. Rab1 c5 14. bxc5 Qxc5 15. Be3
Qc7 16. Bxa7 Ra8 17. Bb6 Qc8 18. Rfc1 Bd8 19. Bxd8 Rxd8 20. Qb2 Nf4 21. Bf1 Rb8
22. Qb6 Bg4 23. Ne1 h5 24. Nd3 Nxd3 25. Bxd3 h4 26. f3 Bh5 27. Qe3 h3 28. g4
Nxg4 29. fxg4 Qxg4+ 30. Qg3 Qxg3+ 31. hxg3 Kh7 32. Rb6 Rd7 33. Rcb1 f6 34. Be2
Bxe2 35. Nxe2 Ra8 36. R1b2 Kg6 37. Nc3 Rc7 38. Nb5 Rxc4 39. Nxd6 Rc1+ 40. Kh2
Re1 41. Rxb7 Rh8 42. Nf7 Rf8 43. Nd6 Rd8 44. R7b6 Kh5 45. Kxh3 Rh8 46. Rb7 g5
47. Rg7 g4+ 48. Kg2 Re3 49. Rf2 Ra3 50. Kf1 Rb8 51. Rh2# 1-0

[Event "AUTO-INT-3340"]
[Site "http://www.queenalice.com/game.php?id=1524767"]
[Date "2018.4.24"]
[Round "1"]
[White "tyujohn"]
[Black "saturnin"]
[Result "1-0"]
[WhiteElo "1683"]
[BlackElo "1528"]

1. d4 d5 2. Nf3 c6 3. Nc3 Nf6 4. Bf4 e6 5. e3 Bb4 6. Bd3 O-O 7. O-O Nh5 8. Qd2
Nxf4 9. exf4 b5 10. Ng5 h6 11. Nf3 f5 12. Ne5 Bb7 13. a3 Ba5 14. b4 Bb6 15. Ne2
Nd7 16. c3 Nxe5 17. fxe5 g5 18. Qe3 a5 19. Qh3 Kg7 20. Qg3 axb4 21. axb4 f4 22.
Qg4 Kf7 23. Qh5+ Ke7 24. Qxh6 Rg8 25. Qh7+ Kf8 26. Qxb7 Rxa1 27. Rxa1 Qc7 28.
Ra8+ Kg7 29. Ra7 Qxb7 30. Rxb7+ Kh6 31. Rxb6 Rc8 32. g3 fxg3 33. Nxg3 1-0

[Event "AUTO-INT-3340"]
[Site "http://www.queenalice.com/game.php?id=1524768"]
[Date "2018.4.24"]
[Round "1"]
[White "saturnin"]
[Black "tyujohn"]
[Result "0-1"]
[WhiteElo "1517"]
[BlackElo "1673"]

1. b4 d5 2. d4 e6 3. b5 Bd7 4. a4 Nf6 5. e3 Bd6 6. Bd3 O-O 7. c4 c6 8. cxd5 Nxd5
9. bxc6 Nxc6 10. Nf3 Bb4+ 11. Nbd2 Rc8 12. O-O b6 13. e4 Nf4 14. Bc2 Bc3 15. Ra3
Bxd4 16. Nxd4 Nxd4 17. Bb1 Nde2+ 18. Kh1 Rxc1 19. Qb3 Rxf1+ 20. Nxf1 Nd4 21. Qb2
e5 22. Ne3 Qg5 23. g3 Nde2 24. Ba2 Bg4 25. Nxg4 Qxg4 26. Qb1 Rc8 27. Bxf7+ Kxf7
0-1

[Event "AUTO-INT-3340"]
[Site "http://www.queenalice.com/game.php?id=1524769"]
[Date "2018.4.24"]
[Round "1"]
[White "tyujohn"]
[Black "zmanomega"]
[Result "0-1"]
[WhiteElo "1705"]
[BlackElo "1681"]

1. e4 e5 2. Nf3 d6 3. Nc3 c6 4. d3 Bg4 5. Be2 f6 6. h3 Bxf3 7. Bxf3 Nd7 8. O-O
g6 9. Be3 Ne7 10. b4 f5 11. b5 f4 12. Bc1 Nf6 13. bxc6 Nxc6 14. Rb1 b6 15. Ba3
h5 16. Qd2 Nd4 17. Be2 g5 18. f3 g4 19. fxg4 hxg4 20. Bxg4 Nxg4 21. hxg4 Qh4 22.
Qd1 Qh2+ 23. Kf2 f3 24. Rh1 Qxg2+ 25. Ke3 Nxc2+ 26. Qxc2 Qxc2 27. Rxh8 Qxc3 28.
Bxd6 Qd4+ 29. Kxf3 Qxd6 30. Ke2 Rd8 31. Rb3 Qg6 32. Kd2 Qxe4 33. g5 Qf4+ 34. Kc2
Rc8+ 35. Kb2 Qd2+ 36. Ka1 Rc1+ 37. Rb1 Qc3# 0-1

[Event "AUTO-INT-3340"]
[Site "http://www.queenalice.com/game.php?id=1524770"]
[Date "2018.4.24"]
[Round "1"]
[White "zmanomega"]
[Black "tyujohn"]
[Result "0-1"]
[WhiteElo "1707"]
[BlackElo "1688"]

1. e4 e5 2. f4 exf4 3. Nf3 Nc6 4. c3 Nf6 5. d3 Bd6 6. d4 O-O 7. e5 Re8 8. Bxf4
Bf8 9. Bg5 h6 10. Bxf6 Qxf6 11. Bb5 d6 12. O-O dxe5 13. Nxe5 Qg5 14. Rxf7 Nxe5
15. Bxe8 Nxf7 16. Bxf7+ Kxf7 17. Qf1+ Kg8 18. Qc4+ Kh8 19. Na3 Bh3 20. g3 Qe3+
0-1